Andrzej Sapkowski Bibliography - Statistics

General Stats
  • This quiz has been taken 5 times
  • The average score is 11 of 42
Answer Stats
Type Year Name % Correct
Novel 2009 Blood of Elves
80%
Short Story Collection 1992 Sword of Destiny
80%
Short Story 1992 Sword of Destiny
80%
Short Story Collection 1993 The Last Wish
80%
Short Story 1993 The Last Wish
80%
Short Story Collection 1990 The Witcher
80%
Short Story 1993 The Witcher
80%
Novel 2014 Baptism of Fire
40%
Novel 2017 The Lady of the Lake
40%
Short Story 2012 The Malady
40%
Novel 2016 The Tower of the Swallow
40%
Essay/Short Story 1995 The World of King Arthur. Maladie
40%
Novel 2013 Time of Contempt
40%
Short Story 1993 A Grain of Truth
20%
Short Story 1992 A Shard of Ice
20%
Novel 2006 Lux Perpetua
20%
Companion Book 2001 Manuscript Discovered in a Dragon's Cave
20%
Novel 2002 Narrenturm
20%
Novel 2013 Season of Storms
20%
Short Story Collection 2000 Something Ends, Something Begins
20%
Short Story 2000 Something Ends, Something Begins
20%
Short Story 2010 Spellmaker
20%
Short Story 1993 The Edge of the World
20%
Game 1995 The Eye of Yrrhedes
20%
Short Story 2000 The Hexer
20%
Short Story 1993 The Lesser Evil
20%
Short Story Collection 2012 The Malady and Other Stories
20%
Short Story 1993 The Voice of Reason
20%
Novel 2009 Viper
20%
Novel 2004 Warriors of God
20%
Short Story 1992 A Little Sacrifice
0%
Short Story 1993 A Question of Price
0%
Short Story 2000 A Road with No Return
0%
Short Story 2000 Battle Dust
0%
Short Story 1992 Eternal Flame
0%
Short Story 2000 Event at Mischief Creek
0%
Short Story 2000 Golden Afternoon
0%
Short Story 2000 In a Bomb Crater
0%
Short Story 1992 Something More
0%
Short Story 2000 Tandaradei!
0%
Short Story 1992 The Bounds of Reason
0%
Short Story 2000 The Musicians
0%
No matching quizzes found
Score Distribution
Percent of People with Each Score
Percentile by Number Answered
Your Score History
You have not taken this quiz